Pays qui ont participé à l'Eurovision - Statistiques

Statistiques générales
  • Ce quiz a été pris 90 fois
  • Le résultat moyen est 44 sur 52
Statistiques - réponses
№ victoires № particpations Pays participants % Correct
5 67 France
100%
2 64 Espagne
97%
3 65 Suisse
97%
3 50 Italie
96%
5 67 Royaume-Uni
96%
7 64 Suède
96%
5 65 Pays-Bas
95%
1 66 Belgique
94%
1 32 Estonie
94%
1 58 Finlande
94%
7 58 Irlande
94%
3 63 Norvège
94%
2 68 Allemagne
92%
3 57 Autriche
92%
1 26 Lettonie
92%
5 39 Luxembourg
92%
1 56 Portugal
92%
1 23 Russie
90%
0 31 Croatie
88%
3 53 Danemark
88%
1 45 Grèce
88%
0 26 Lituanie
88%
0 28 Pologne
88%
3 20 Ukraine
88%
0 38 Islande
87%
0 31 Slovénie
87%
0 16 Biélorussie
86%
1 24 Monaco
85%
0 7 Slovaquie
85%
0 17 Hongrie
83%
0 37 Malte
83%
0 13 Monténégro
83%
0 24 Roumanie
83%
1 18 Serbie
83%
0 22 Albanie
82%
0 14 Bulgarie
82%
0 41 Chypre
82%
4 47 Israël
82%
0 21 Macédoine du Nord
82%
0 6 Andorre
81%
0 20 Moldavie
81%
0 14 Tchéquie
81%
0 16 Saint-Marin
79%
1 34 Turquie
79%
0 19 Bosnie-Herzégovine
77%
0 10 Australie
76%
0 17 Arménie
73%
0 18 Géorgie
73%
1 18 Azerbaïdjan
68%
1 27 Yougoslavie
64%
0 1 Maroc
59%
0 2 Serbie-et-Monténégro
26%
Aucun quiz correspondant
Distribution des résultats
% des personnes avec chaque résultat
Percentile par nombre de réponses
Votre historique - résultats
Vous n’avez pas pris ce quiz